LEADER 03601oam 22006252 450 001 9910779478503321 005 20240205233346.0 010 $a1-316-08894-4 010 $a1-139-57918-5 010 $a1-139-57057-9 010 $a1-107-25361-6 010 $a1-139-57233-4 010 $a1-139-56877-9 010 $a1-139-04949-6 010 $a1-283-63756-1 010 $a1-139-56967-8 035 $a(CKB)2550000000707744 035 $a(EBL)1025005 035 $a(OCoLC)815389274 035 $a(SSID)ssj0000754994 035 $a(PQKBManifestationID)11424365 035 $a(PQKBTitleCode)TC0000754994 035 $a(PQKBWorkID)10726399 035 $a(PQKB)10900249 035 $a(UkCbUP)CR9781139049498 035 $a(Au-PeEL)EBL1025005 035 $a(CaPaEBR)ebr10608458 035 $a(CaONFJC)MIL395002 035 $a(MiAaPQ)EBC1025005 035 $a(EXLCZ)992550000000707744 100 $a20141103d2012|||| uy 0 101 0 $aeng 135 $aur||||||||||| 181 $ctxt$2rdacontent 182 $cc$2rdamedia 183 $acr$2rdacarrier 200 10$aAlexander the Great $ethe story of an ancient life /$fThomas R. Martin, Christopher W. Blackwell 210 1$aCambridge :$cCambridge University Press,$d2012. 215 $a1 online resource (xiv, 193 pages) $cdigital, PDF file(s) 300 $aTitle from publisher's bibliographic system (viewed on 05 Oct 2015). 311 0 $a0-521-76748-2 311 0 $a0-521-14844-8 320 $aIncludes bibliographical references and index. 327 $aAcknowledgments -- Introduction: Goal of this book -- Map 1: European Greece, Macedonia, and northern lands -- Map 2: Alexander's expedition -- 1: World of Alexander's birth and his education in literature and warfare (350s and 340s BC) -- 2: Opportunities and risks as a teenager (340s to 338 BC) -- 3: Danger in replacing a murdered father as king (337 to 335 BC) -- 4: Opening battles against the Persian army (334 to 332 BC) -- 5: Finding God in Egypt and capturing the riches of Persia (332 to 330 BC) -- 6: Winning the world as King of Asia (330 to 329 BC) -- 7: Murder, marriage, and mixing customs in Afghanistan (329 to 327 BC) -- 8: Victory and frustration in India (327 to 326 BC) -- 9: Returning to Babylon and becoming divine (326 to 323 BC) -- 10: Remembering and judging Alexander (323 BC to now) -- Suggested readings -- Index. 330 $aEverything we know about Alexander comes from ancient sources, which agree unanimously that he was extraordinary and greater than everyday mortals. From his birth into a hypercompetitive world of royal women through his training under the eyes and fists of stern soldiers and the piercing intellect of Aristotle; through friendships, rivalries, conquests and negotiations; through acts of generosity and acts of murder, this book explains who Alexander was, what motivated him, where he succeeded (in his own eyes) and where he failed, and how he believed that he earned a new 'mixed' nature combining the human and the divine. This book explains what made Alexander 'Great' according to the people and expectations of his time and place and rejects modern judgments asserted on the basis of an implicit moral superiority to antiquity. 607 $aGreece$xHistory$yMacedonian Expansion, 359-323 B.C 676 $a938/.07092 700 $aMartin$b Thomas R.$f1947-$01481506 702 $aBlackwell$b Christopher W.$f1968- 801 0$bUkCbUP 801 1$bUkCbUP 906 $aBOOK 912 $a9910779478503321 996 $aAlexander the Great$93712128 997 $aUNINA LEADER 03297nam 22005655 450 001 9910861086703321 005 20250807124750.0 010 $a979-88-6880-239-3 024 7 $a10.1007/979-8-8688-0239-3 035 $a(MiAaPQ)EBC31343079 035 $a(Au-PeEL)EBL31343079 035 $a(CKB)32063087800041 035 $a(OCoLC)1434167765 035 $a(OCoLC-P)1434167765 035 $a(CaSebORM)9798868802393 035 $a(DE-He213)979-8-8688-0239-3 035 $a(EXLCZ)9932063087800041 100 $a20240515d2024 u| 0 101 0 $aeng 135 $aurcnu|||||||| 181 $ctxt$2rdacontent 182 $cc$2rdamedia 183 $acr$2rdacarrier 200 10$aDesign and Deploy Microsoft Defender for IoT $eLeveraging Cloud-based Analytics and Machine Learning Capabilities /$fby Puthiyavan Udayakumar, Dr. R. Anandan 205 $a1st ed. 2024. 210 1$aBerkeley, CA :$cApress :$cImprint: Apress,$d2024. 215 $a1 online resource (365 pages) 311 08$a979-88-6880-238-6 327 $aChapter 1: Get Started with IoT -- Chapter 2: Develop Architecture and Strategy for IoT -- Chapter 3: Plan Microsoft Defender for IoT -- Chapter 4: Deploy Microsoft Defender for IoT -- Chapter 5: Manage and Monitor your Defender for IoT System. 330 $aMicrosoft Defender for IoT helps organizations identify and respond to threats aimed at IoT devices, increasingly becoming targets for cyberattacks. This book discusses planning, deploying, and managing your Defender for IoT system. The book is a comprehensive guide to IoT security, addressing the challenges and best practices for securing IoT ecosystems. The book starts with an introduction and overview of IoT in Azure. It then discusses IoT architecture and gives you an overview of Microsoft Defender. You also will learn how to plan and work with Microsoft Defender for IoT, followed by deploying OT Monitoring. You will go through air-gapped OT sensor management and enterprise IoT monitoring. You also will learn how to manage and monitor your Defender for IoT systems with network alerts and data. After reading this book, you will be able to enhance your skills with a broader understanding of IoT and Microsoft Defender for IoT-integrated best practices to design, deploy,and manage a secure enterprise IoT environment using Azure. What You Will Learn Understand Microsoft security services for IoT Get started with Microsoft Defender for IoT Plan and design a security operations strategy for the IoT environment Deploy security operations for the IoT environment Manage and monitor your Defender for IoT System. 606 $aMicrosoft software 606 $aMicrosoft .NET Framework 606 $aData protection 606 $aMicrosoft 606 $aData and Information Security 615 0$aMicrosoft software. 615 0$aMicrosoft .NET Framework. 615 0$aData protection. 615 14$aMicrosoft. 615 24$aData and Information Security. 676 $a004.67/8 700 $aUdayakumar$b Puthiyavan$0940513 701 $aAnandan$b R$01739260 801 0$bMiAaPQ 801 1$bMiAaPQ 801 2$bMiAaPQ 906 $aBOOK 912 $a9910861086703321 996 $aDesign and Deploy Microsoft Defender for IoT$94163240 997 $aUNINA